Libro de los prodigios /

Guardado en:
Autor Principal: Wolf, Ema
Formato: Libro
Publicado: Buenos Aires : Norma, 2003
Series:Torre de Papel. Amarilla
Materias:
Etiquetas: Agregar Etiqueta
Sin Etiquetas, Sea el primero en etiquetar este registro!
LEADER 01253nam a22002415a 4500
001 CEM.cems013830
008 130507s2003##################000#0#####d
005 20230502115256.0
245 1 0 |a Libro de los prodigios /  |c Ema Wolf 
260 |a Buenos Aires :  |b Norma,  |c 2003 
300 |a 136 p. 
490 0 |a Torre de Papel. Amarilla 
500 |a Ilustración de tapa: Matías Trillo 
500 |a A partir de los 11 años. 
505 0 |a La piedra fugitiva -- Una santa -- Islas -- Anselmo mío -- El gato de arena -- El carretel de hilo -- Un héroe -- El otro nombre -- El lago de Kund -- Los tres marineros mentirosos y el viejo -- El peor de todos -- El día robado -- Los tigres escritos -- Un asunto de alas -- La Venus pensativa -- El sueño del león -- La ciudad de los bufones -- El abrigo -- La piel del agua -- Querido Théo -- Moll, la cortabolsas -- La primera flauta -- Envidia de Juan Crisóstomo Wolfang Teófilo -- Mi mapa cerebral 
020 |a 9875451169 
100 1 |a Wolf, Ema 
082 0 4 |a A868.4 
653 |a Literatura argentina 
653 |a Literatura infantil y juvenil 
653 |a Cuentos 
859 |a CEMS  |b BIB. CEMS - Agricultura  |h A868.4  |i W831  |p A3571.23  |t Ej.1 
859 |a CEMS  |b BIB. CEMS - 11 de abril  |h A868.4  |i W836  |p 26625.13  |t Ej.1